000 00846nam a2200289 a 4500
001 000108176
003 CHAP
005 20230509115711.0
008 131213s2010 flua |r| |||1|||eng d
010 _a104638
011 _a105610
020 _a1-4200-4631-4
020 _a9781420046311
040 _cCHAP
082 0 4 _a637
_bH23
245 0 0 _aHandbook of dairy foods analysis /
_ceditado por Leo M.L. Nollet y Fidel Toldrá.
260 _aBoca Raton :
_bCRC Press,
_cc2010.
300 _axviii, 900 p. :
_bil., gráfs., tablas.
590 _aE6096MTM
_b05
_c20131213
_lUCH01
_h1446
650 1 4 _aAlimentos
_xAnálisis
_xManuales.
_94166
650 1 4 _aProductos lácteos
_xAnálisis.
_992125
700 0 _aNollet, Leo M.L.
_eed.
_981627
700 1 _aToldrá, Fidel
_eed.
_9125057
901 _aBK
942 _cLIBRO
942 _n0
999 _c104638
_d104638